Pháp luật về môi giới bất động sản ở Việt Nam

Nội dung sách trình bày một số vấn đề lý luận cũng như thực tiễn khi tiến hành công chứng những giao dịch liên quan tới lĩnh vực Pháp Luật Về Môi Giới Bất Động Sản Ở Việt Nam như các biện pháp bảo đảm thực hiện nghĩa vụ, lĩnh vực...

全面介绍

Đã lưu trong:
书目详细资料
主要作者: Doãn Hồng Nhung (Chủ biên)
其他作者: Trần Thị Mỹ Hạnh
格式: 图书
语言:Vietnamese
出版: H. Tư pháp 2019
版:Tái bản lần thứ 1, có sửa đổi, bổ sung
主题:
标签: 添加标签
没有标签, 成为第一个标记此记录!
Thư viện lưu trữ: Thư viện Trường Đại học Nam Cần Thơ
LEADER 01634nam a22002417a 4500
001 NCT_92077
008 211019b xxu||||| |||| 00| 0 vie d
999 |c 4550  |d 4550 
020 |a 9786048115432  |c 68000 
082 0 4 |2 23rd ed.  |a 346.597043  |b Nh513 
100 1 |a Doãn Hồng Nhung  |e Chủ biên 
245 1 0 |a Pháp luật về môi giới bất động sản ở Việt Nam  |c Doãn Hồng Nhung (Chủ biên) ; Trần Thị Mỹ Hạnh 
250 |a Tái bản lần thứ 1, có sửa đổi, bổ sung 
260 |a H.  |b Tư pháp  |c 2019 
300 |a 171 tr.  |c 21cm 
520 3 |a Nội dung sách trình bày một số vấn đề lý luận cũng như thực tiễn khi tiến hành công chứng những giao dịch liên quan tới lĩnh vực Pháp Luật Về Môi Giới Bất Động Sản Ở Việt Nam như các biện pháp bảo đảm thực hiện nghĩa vụ, lĩnh vực thừa kế. 
653 |a Luật học 
700 1 |a Trần Thị Mỹ Hạnh 
942 |2 ddc  |c BK 
952 |0 0  |1 0  |2 ddc  |4 0  |6 346_597043000000000_NH513  |7 0  |9 21619  |a 000001  |b 000001  |d 2021-10-19  |o 346.597043 Nh513  |p MD.18871  |r 2021-10-19  |v 68000.00  |w 2021-10-19  |y BK 
952 |0 0  |1 0  |2 ddc  |4 0  |6 346_597043000000000_NH513  |7 0  |9 21620  |a 000001  |b 000001  |d 2021-10-19  |o 346.597043 Nh513  |p MD.18872  |r 2021-10-19  |v 68000.00  |w 2021-10-19  |y BK 
952 |0 0  |1 0  |2 ddc  |4 0  |6 346_597043000000000_NH513  |7 0  |9 21621  |a 000001  |b 000001  |d 2021-10-19  |o 346.597043 Nh513  |p MD.18873  |r 2021-10-19  |v 68000.00  |w 2021-10-19  |y BK 
980 |a Thư viện Trường Đại học Nam Cần Thơ